Statistiques concernant pays les plus peuplés

Cliquez ici pour prendre le quiz!

Statistiques générales

  • Ce quiz a été pris 89 fois
  • Le résultat moyen est 8 sur 10

Statistiques - réponses

HintRéponse% Correct
1Chine
99%
2Inde
98%
6Brésil
90%
9Russie
90%
4Indonésie
78%
5Pakistan
72%
3USA
72%
7Nigeria
65%
10Mexique
64%
8Bangladesh
62%

Distribution des résultats

Percentile par nombre de réponses

% des personnes avec chaque résultat

Votre développement - résultats

Vous n’avez pas pris ce quiz